Entrada Personal Name
Número de registros utilizados en: 1
001 - CONTROL NUMBER
- control field: 17866
003 - CONTROL NUMBER IDENTIFIER
- control field: DLC
005 - DATE AND TIME OF LATEST TRANSACTION
- control field: 20260225143723.0
008 - FIXED-LENGTH DATA ELEMENTS
- fixed length control field: 861027n| azannaabn |b aaa
010 ## - LIBRARY OF CONGRESS CONTROL NUMBER
- LC control number: n 86109601
024 7# - OTHER STANDARD IDENTIFIER
- Standard number or code: 0000000108594710
- Source of number or code: isni
035 ## - SYSTEM CONTROL NUMBER
- System control number: (OCoLC)oca01729106
040 ## - CATALOGING SOURCE
- Original cataloging agency: DLC
- Language of cataloging: spa
- Description conventions: rda
- Transcribing agency: Mx-PuUPA
- Modifying agency: DLC
- Modifying agency: OCoLC
- Modifying agency: InU
- Modifying agency: NL-TiUL
- Modifying agency: Mx-PuUPA
046 ## - SPECIAL CODED DATES
- Birth date: 1947
- Source of date scheme: edtf
100 1# - HEADING--PERSONAL NAME
- Personal name: Goricheva, Tatiana,
- Dates associated with a name: 1947-
370 ## - ASSOCIATED PLACE
- Place of birth: San Petersburgo (Rusia)
- Source of term: naf
374 ## - OCCUPATION
- Occupation: Autora
- Occupation: Filósofa
- Occupation: Teóloga
- Occupation: Disidente
- Occupation: Feminista
- Source of term: lcsh
375 ## - GENDER
- Gender: mujer
377 ## - ASSOCIATED LANGUAGE
- Language code: rus
400 1# - SEE FROM TRACING--PERSONAL NAME
- Personal name: Goricheva, Tatʹi︠a︡na Mikhaĭlovna
- Dates associated with a name: 1947-
400 1# - SEE FROM TRACING--PERSONAL NAME
- Personal name: Горичева, Татьяна
- Dates associated with a name: 1947-
400 1# - SEE FROM TRACING--PERSONAL NAME
- Personal name: Goritcheva, Tatiana
- Dates associated with a name: 1947-
400 1# - SEE FROM TRACING--PERSONAL NAME
- Personal name: Goritschewa, Tatjana
- Dates associated with a name: 1947-
670 ## - SOURCE DATA FOUND
- Source citation: Nous convertis d'Union soviétique, c1983:
- Information found: t.p. (Tatiana Goritcheva)
670 ## - SOURCE DATA FOUND
- Source citation: Parler de Dieu est dangereux, 1985:
- Information found: t.p. (Tatiana Goritcheva) cover p. 4 (b. 1947, in Leningrad)
670 ## - SOURCE DATA FOUND
- Source citation: Talking about God is dangerous, 1987:
- Information found: CIP t.p. (Tatiana Goricheva) info. from publr. (a Russian dissident exiled from the USSR in 1980)
670 ## - SOURCE DATA FOUND
- Source citation: Svi︠a︡tye zhivotnye, 1993:
- Information found: t.p. (Tatʹi︠a︡na Goricheva) colophon (Goricheva Tatʹi︠a︡na Mikhaĭlovna)
670 ## - SOURCE DATA FOUND
- Source citation: Von Gott zu reden ist gefährlich, c1984:
- Information found: t .p. (Tatjana Goritschewa)
670 ## - SOURCE DATA FOUND
- Source citation: Wikipedia, viewed September 28, 2023
- Information found: (Tatiana Goricheva; born 1947; Russian philosopher, theologian, dissident and feminist)
- Uniform Resource Identifier: https://en.wikipedia.org/wiki/Tatiana_Goricheva